Report of the International Clearinghouse on Science and Mathematics Curricular Developments. (رقم التسجيلة. 108528)

تفاصيل مارك
000 -LEADER
fixed length control field 01411caa a2200361 a 4500
003 - CONTROL NUMBER IDENTIFIER
control field EG-GiCUC
008 - FIXED-LENGTH DATA ELEMENTS--GENERAL INFORMATION
fixed length control field 760620u1966uuuumduaaa 1 0 eng d
022 0# - INTERNATIONAL STANDARD SERIAL NUMBER
International Standard Serial Number 0538-5601
040 ## - CATALOGING SOURCE
Original cataloging agency EG-GiCUC
Language of cataloging eng
Transcribing agency EG-GiCUC
043 ## - GEOGRAPHIC AREA CODE
Geographic area code n-us---
050 00 - LIBRARY OF CONGRESS CALL NUMBER
Classification number Q181.A1
Item number I53
092 04 - LOCALLY ASSIGNED DEWEY CALL NUMBER (OCLC)
Classification number 375.5
Item number I61279
Edition number 21
099 ## - LOCAL FREE-TEXT CALL NUMBER (OCLC)
Classification number 04
-- 375.5 I61279
110 2# - MAIN ENTRY--CORPORATE NAME
Corporate name or jurisdiction name as entry element International Clearinghouse on Science and Mathematics Curricular Developments.
210 0# - ABBREVIATED TITLE
Abbreviated title Rep. Int. Clgh. Sci. Math. Curric. Dev.
222 #0 - KEY TITLE
Key title Report of the International Clearinghouse on Science and Mathematics Curricular Developments
245 10 - TITLE STATEMENT
Title Report of the International Clearinghouse on Science and Mathematics Curricular Developments.
260 ## - PUBLICATION, DISTRIBUTION, ETC.
Place of publication, distribution, etc. [College Park, Md.] :
Name of publisher, distributor, etc. The Clearinghouse,
Date of publication, distribution, etc. 1968-
300 ## - PHYSICAL DESCRIPTION
Extent v. ;
Dimensions 23-26 cm.
362 0# - DATES OF PUBLICATION AND/OR SEQUENTIAL DESIGNATION
Dates of publication and/or sequential designation [6th] (1968)-
500 ## - GENERAL NOTE
General note Some issues have also a distinctive title.
610 20 - SUBJECT ADDED ENTRY--CORPORATE NAME
Corporate name or jurisdiction name as entry element International Clearinghouse on Science and Mathematics Curricular Developments.
650 #0 - SUBJECT ADDED ENTRY--TOPICAL TERM
Topical term or geographic name entry element Curriculum planning.
650 #0 - SUBJECT ADDED ENTRY--TOPICAL TERM
Topical term or geographic name entry element Mathematics
General subdivision Study and teaching.
650 #0 - SUBJECT ADDED ENTRY--TOPICAL TERM
Topical term or geographic name entry element Science
General subdivision Study and teaching.
710 2# - ADDED ENTRY--CORPORATE NAME
Corporate name or jurisdiction name as entry element American Association for the Advancement of Science.
710 2# - ADDED ENTRY--CORPORATE NAME
Corporate name or jurisdiction name as entry element University of Maryland, College Park.
Subordinate unit Science Teaching Center.
902 ## - LOCAL DATA ELEMENT B, LDB (RLIN)
No. of Items 1
905 ## - LOCAL DATA ELEMENT E, LDE (RLIN)
Cataloger Eman
Reviser Rev
905 ## - LOCAL DATA ELEMENT E, LDE (RLIN)
Cataloger Jamal
Reviser Cat.
942 ## - ADDED ENTRY ELEMENTS (KOHA)
Source of classification or shelving scheme Dewey Decimal Classification
Koha item type Books
المقتنيات
Source of classification or shelving scheme Not for loan Home library Current library Date acquired Full call number Barcode Date last seen Copy number Koha item type
Dewey Decimal Classification   المكتبة المركزبة الجديدة - جامعة القاهرة قاعة المكتبات المهداة - الدور الرابع 11.02.2024 375.5 I61279 1968 K.B. 01000113000133000 23.06.2024 C.1 Books
Cairo University Libraries Portal Implemented & Customized by: Eng. M. Mohamady Contacts: new-lib@cl.cu.edu.eg | cnul@cl.cu.edu.eg
CUCL logo CNUL logo
© All rights reserved — Cairo University Libraries
CUCL logo
Implemented & Customized by: Eng. M. Mohamady Contact: new-lib@cl.cu.edu.eg © All rights reserved — New Central Library
CNUL logo
Implemented & Customized by: Eng. M. Mohamady Contact: cnul@cl.cu.edu.eg © All rights reserved — Cairo National University Library